Szczegóły MARC21

Kozioł ofiarny /

003 -Nazwa inst., której nr kontr. jest w polu 001 [,]
    • @
    • Nazwa instytucji, której n kontrolny jest w polu 001
    • NUKAT
005 -DATA I CZAS OSTATNIEJ MODYFIKACJI [,]
    • @
    • pole kontrolne
    • 20241231094759.0
020 -Międzynarod. znormalizowany nr książki - ISBN [ , ]
    • a
    • Numer ISBN
    • 8321806082 Find
040 -Instytucja sporządzająca opis [ , ]
    • a
    • Instytucja, która sporządziła opis (NP)
    • KR 119/MD
    • c
    • Instytucja, która sporządziła rekord (NP)
    • KR 119/MD
    • d
    • Instytucja, która zmodyfikowała rekord (P)
    • KR 119/jz
    • d
    • Instytucja, która zmodyfikowała rekord (P)
    • WR U/MBs
    • d
    • Instytucja, która zmodyfikowała rekord (P)
    • WR O/dja
    • d
    • Instytucja, która zmodyfikowała rekord (P)
    • KAT U/DLs
041 -Język dokumentu [1, ]
    • a
    • Język tekstu (P)
    • polski
    • h
    • Język tekstu oryginalnego i/lub pośredniego (P)
    • francuski
942 -Rodzaj dokumentu [ , ]
    • c
    • Rodzaj dokumentu
    • Książka
100 -Hasło główne - nazwa osobowa [1, ]
    • a
    • Nazwa osobowa (NP)
    • Girard, René
    • d
    • Daty biograficzne (NP)
    • (1923-2015).
    • 9
    • KHW
    • 236059
240 -Tytuł ujednolicony [1,0]
    • a
    • Tytuł ujednolicony
    • Bouc émissaire
    • l
    • Język tekstu
    • (pol.)
    • 9
    • KHW
    • 501467
245 -Strefa tytułu i oznaczenia odpowiedzialności [1,0]
    • a
    • Tytuł
    • Kozioł ofiarny / Find
    • c
    • Pozostałe elementy strefy tytułu i oznaczenia odpowiedzialności (NP)
    • René Girard ; przeł. Mirosława Goszczyńska.
250 -Strefa wydania [ , ]
    • a
    • Oznaczenie wydania (NP)
    • Wyd. 2.
260 -Strefa adresu wydawniczego [ , ]
    • a
    • Miejsce wydania (P)
    • Łódź :
    • b
    • Nazwa wydawcy (P)
    • Wydawnictwo Łódzkie,
    • c
    • Data wydania (P)
    • 1991.
300 -Strefa opisu fizycznego [ , ]
    • a
    • Określenie formy książki i/lub objętość (NP)
    • 325, [3] s. ;
    • c
    • Format (NP)
    • 20 cm.
336 -Typ zawartości [ , ]
    • a
    • Termin opisujący typ zawartości
    • Tekst
    • b
    • Kod określający zawartość
    • txt
    • 2
    • Źródło (terminu i kodu)
    • rdacontent
337 -Typ mediów [ , ]
    • a
    • Tryb odtwarzania
    • Bez urządzenia pośredniczącego
    • b
    • Kod typu mediów
    • n
    • 2
    • Źródło (terminu i kodu)
    • rdamedia
338 -Typ/rodzaj nośnika [ , ]
    • a
    • Hasło opisujące typ nośnika
    • Wolumin
    • b
    • Kod typu nośnika
    • nc
    • 2
    • Źródło (terminu i kodu)
    • rdacarrier
490 -Strefa serii i książki wielotomowej - forma nie do wyszukiwania [1, ]
    • a
    • Tytuł (P)
    • Człowiek i Jego Cywilizacja Find
830 -Hasło dodatkowe serii i opisu książki wielotomowej - tytuł ujednolicony/tytuł [ ,0]
    • a
    • Tytuł ujednolicony/tytuł (NP)
    • Człowiek i Jego Cywilizacja
    • 9
    • KHW
    • 17324
500 -Uwaga ogólna [ , ]
    • a
    • Uwaga ogólna (NP)
    • Tyt. oryg.: Le Bouc Emissaire.
080 -Uniwersalna Klasyfikacja Dziesiętna [ , ]
    • 2
    • Identyfikator wydania tablic
    • UDC-P058
    • a
    • Symbol klasyfikacji
    • 930.85
    • b
    • Dopowiedzenie
    • Historia kultury. Historia cywilizacji. Kultura materialna.
080 -Uniwersalna Klasyfikacja Dziesiętna [ , ]
    • 2
    • Identyfikator wydania tablic
    • UDC-P058
    • a
    • Symbol klasyfikacji
    • 329
    • b
    • Dopowiedzenie
    • Partie i systemy polityczne.
    • x
    • Poddział wspólny
    • (091)
    • b
    • Dopowiedzenie
    • (Opracowania historyczne)
080 -Uniwersalna Klasyfikacja Dziesiętna [ , ]
    • 2
    • Identyfikator wydania tablic
    • UDC-P058
    • a
    • Symbol klasyfikacji
    • 2-1
    • b
    • Dopowiedzenie
    • Filozofia i teoria religii. Religioznawstwo. Teizm. Deizm. Ateizm. Panteizm. Animizm. Totemizm. Antropomorfizm. Stworzenie świata.
080 -Uniwersalna Klasyfikacja Dziesiętna [ , ]
    • 2
    • Identyfikator wydania tablic
    • UDC-P058
    • a
    • Symbol klasyfikacji
    • 316.7
    • b
    • Dopowiedzenie
    • Socjologia kultury. Kulturowy konteks życia społecznego. Antropologia społeczna. Kultura różnych społeczeństw. Cywilizacja. Podkultury. Subkultury. Kultura masowa. Kultury różnych grup. Dynamika kultury. Akulturacja. Zmiana kulturowa. Rozprzestrzenianie się kultury. Sankcje społeczne. Uspołecznianie zachowań.
650 -Hasło przedmiotowe [ ,7]
    • a
    • Hasło przedmiotowe
    • Kozioł ofiarny.
    • 2
    • Źródło terminu
    • kaba
    • 9
    • KHW
    • 160774
650 -Hasło przedmiotowe [ ,7]
    • a
    • Hasło przedmiotowe
    • Prześladowania.
    • 2
    • Źródło terminu
    • kaba
    • 9
    • KHW
    • 126759
980 -Symbol UKD [ , ]
    • a
    • UKD
    • 930.85:392(091):291:316.7
700 -Hasło dodatkowe - nazwa osobowa [1, ]
    • a
    • Nazwa osobowa (NP)
    • Goszczyńska, Mirosława. Find
    • e
    • Określenie rodzaju współpracy
    • Tł.
    • 9
    • KHW
    • 18129
710 -Hasło dodatkowe - nazwa ciała zbiorowego [2, ]
    • a
    • Nazwa ciała zbiorowego lub nazwa geograficzna jako pierwszy element (NP)
    • Wydawnictwo Łódzkie.
    • 4
    • Kod relacji
    • pbl
    • 9
    • KHW
    • 56507
920 -ISBN [ , ]
    • a
    • ISBN
    • 83-218-0608-2 Find
Numer inwentarzowy Status udost. Data inwentaryzacji Lokalizacja
JK.32312002-12-02BG
H.1644612007-09-19BNS